Представление документа в формате RUSMARC

ПолеНазваниеЗначение
  Тип записи a
  Библиографический уровень m
001 Контрольный номер RuMoRGB-008159844
005 Дата корректировки 20180510182227.4
010 Индекс ISBN __
a ISBN 978-5-9614-5351-5
d Цена 383-20
021 № государственной регистрации __
b № документа 16-15387
100 Данные общей обработки __
a Данные общей обработки 19160226d20 |||y1rusy0189 ca
101 Язык документа __
a Язык текста rus
c Язык оригинала ita
102 Страна публикации __
a Страна публикации ru
102 Страна публикации __
a Страна публикации ru
105 Кодированные данные (монография) __
a Кодированные данные (монография) y zzzz0||zy
200 Заглавие и сведения об ответственности __
a Заглавие Не кричите на детей!
e Сведения, относящиеся к заглавию как разрешить конфликты с детьми и делать так, чтобы они вас слушали
f Первые сведения об ответственности Даниэле Новара ; пер. с итал. [Анна Богуславская]
200 Заглавие и сведения об ответственности __
d Параллельное заглавие Urlare non serve a nulla
210 Выходные данные __
a Место издания Москва
c Издательство Альпина Паблишер
d Дата издания 2016
215 Физическое описание __
a Объем 273, [1] с.
c Иллюстрации/тип воспроизводства ил., табл.
320 Библиография __
a Библиография Библиогр. в конце кн.
330 Аннотация __
a Аннотация Вы найдёте практические советы о том, как построить общение с подростками и ребятами школьного и дошкольного возраста с учётом особенностей их психологии и как научиться держать себя в руках, когда, казалось бы, никаких сил уже не осталось. Книга будет полезна родителям детей всех возрастов.
333 Примечание о целевом назначении __
a Примечание о целевом назначении 0+
606 Тематические рубрики __
a Основная рубрика Образование. Педагогика
606 Тематические рубрики __
a Основная рубрика Семейное воспитание и образование
606 Тематические рубрики __
a Основная рубрика Психология
606 Тематические рубрики __
a Основная рубрика Возрастная психология
610 Ключевые слова __
a Ключевые слова воспитание детей
a Ключевые слова детская психология
a Ключевые слова конфликты с детьми
a Ключевые слова психология детская
686 Индексы других классификаций __
a Индекс ББК 74.9
686 Индексы других классификаций __
a Индекс ББК 88.41
700 Автор _1
a Фамилия Новара
b Имя Д.
g Полное личное имя Даниэле
801 Источник записи _0
a Страна ru
b Организация РГБ
c Дата составления 20160226
g Правила каталогизации RCR
801 Источник записи _1
a Страна ru
b Организация РГБ
c Дата составления 20160226
801 Источник записи _2
a Страна ru
b Организация Центральная районная библиотека им. Г. А. Пирожникова
c Дата составления 20160226
852 Данные о местонахождении __
j Шифр хранения 74.9
i Авторский знак Н 72
b Сигла хранения 8; 26
902 Роль лиц __
a Создатель БЗ ОКиО/Шумских
990 Данные о заказе (DOS) __
j Количество экземпляров (DOS) 2
h N записи в КСУ для Б/У (DOS) 2016-13